| 000 | 00388nam a2200157Ia 4500 | ||
|---|---|---|---|
| 008 | 210210b1975 xxu||||| |||| 00| 0 eng d | ||
| 082 | _a181 MULS | ||
| 100 | _aMULLER (F Max). | ||
| 245 | _aSacred books of the east. V 1. | ||
| 260 |
_aNew Delhi. _bMotilal Banarsidass., _c1975 |
||
| 300 | _aci,320 | ||
| 440 | _a1 | ||
| 650 | _aUpanishads | ||
| 690 | _aPhilosophy | ||
| 906 | _aSG01780 | ||
| 999 |
_c113185 _d113185 |
||